| 000 | 00702nam a22001577a 4500 | ||
|---|---|---|---|
| 999 |
_c59545 _d59545 |
||
| 003 | Ge_BSU | ||
| 005 | 20230313125045.0 | ||
| 008 | 230313s1992 ge ||||| |||| 00| 0 geo d | ||
| 041 | _ageo | ||
| 080 | _a342.4(479.22) ს-32 | ||
| 245 |
_aსაქართველოს კონსტიტუცია : _cმიღებულია საქ. დამფუძნებელი კრების მიერ 1921 წლის 21 თებერვალს. |
||
| 264 |
_aთბილისი : _bსამშობლო, _c1992. |
||
| 300 |
_a38 გვ. ; _b20 სმ. |
||
| 653 | _aსაქართველოს 1921 წლის კონსტიტუცია | ||
| 942 |
_2udc _cBK |
||